[Event "IECG ZL.2006.0.00026"]
[Site "IECG email"]
[Date "2006.07.27"]
[Round "?"]
[White "Schalkwijk, Peter H"]
[Black "Porter, Zigram"]
[Result "1-0"]
[WhiteElo "1536"]
[BlackElo "1500"]
[PlyCount "41"]
[EventDate "2006.07.27"]
[EventType "match (corr)"]
[EventRounds "2"]
[SourceTitle "Corr 2008"]
[Source "ChessBase"]
[SourceDate "2008.06.24"]
[SourceVersion "1"]
[SourceVersionDate "2008.06.24"]
[SourceQuality "1"]

1. b4 e6 2. Bb2 d5 3. Nf3 Nf6 4. a3 c5 5. bxc5 Bxc5 6. e3 Nc6 7. d4 Bd6 8. Bd3 Qc7 9. h3 e5 10. dxe5 Nxe5 11. 0-0 b6 12. Bb5+ Bd7 13. Nc3 Bxb5 14. Nxb5 Qd7 15. Nxd6+ Qxd6 16. Bxe5 Qc6 17. Nd4 Qc4 18. Nf5 0-0 19. Bxf6 Qe4 20. Qh5 Rfe8 21. Qg5 1-0

[Event "LSS ZL-2006-0-00024"]
[Site "LSS email"]
[Date "2006.07.16"]
[Round "?"]
[White "Pilich, Lee"]
[Black "Porter, Zigram"]
[Result "0-1"]
[WhiteElo "1088"]
[BlackElo "1126"]
[PlyCount "28"]
[EventDate "2006.07.12"]
[EventType "match (corr)"]
[EventRounds "2"]
[EventCountry "GER"]
[SourceTitle "Corr 2015"]
[Source "ChessBase"]
[SourceDate "2015.07.17"]
[SourceVersion "1"]
[SourceVersionDate "2015.07.17"]
[SourceQuality "1"]

1. d4 e6 2. c4 d5 3. Nc3 Nf6 4. Nf3 a6 5. Bg5 c6 6. e3 h6 7. Bh4 Be7 8. Qc2 b5 9. cxd5 cxd5 10. Bd3 0-0 11. 0-0 Bd7 12. Rac1 Nc6 13. a3 Na7 14. Ne5 Nc6 0-1

[Event "IECG ZL.2006.0.00025"]
[Site "IECG email"]
[Date "2006.07.15"]
[Round "?"]
[White "McGuire, Paul"]
[Black "Porter, Zigram"]
[Result "1-0"]
[WhiteElo "1400"]
[BlackElo "1500"]
[PlyCount "63"]
[EventDate "2006.07.15"]
[EventType "match (corr)"]
[EventRounds "2"]
[SourceTitle "Corr 2008"]
[Source "ChessBase"]
[SourceDate "2008.06.24"]
[SourceVersion "1"]
[SourceVersionDate "2008.06.24"]
[SourceQuality "1"]

1. d4 e6 2. e4 d5 3. exd5 exd5 4. Nf3 Nf6 5. Bd3 Be7 6. Bg5 h6 7. Bxf6 Bxf6 8. 0-0 0-0 9. c4 dxc4 10. Bxc4 Re8 11. Nc3 Be6 12. Bxe6 Rxe6 13. d5 Rd6 14. Qc2 c6 15. dxc6 Nxc6 16. Rad1 Nd4 17. Nxd4 Bxd4 18. Ne4 Rd7 19. Rd2 Be5 20. Rfd1 Rxd2 21. Rxd2 Qb6 22. b3 Qg6 23. g3 b6 24. Re2 Rd8 25. Qc4 Rd4 26. Qc8+ Kh7 27. f3 a5 28. Qb7 f5 29. Nf2 Qd6 30. Kg2 Rb4 31. Qf7 Rd4 32. Qxf5+ 1-0

[Event "IECG ZL.2006.0.00025"]
[Site "IECG email"]
[Date "2006.07.15"]
[Round "?"]
[White "Porter, Zigram"]
[Black "McGuire, Paul"]
[Result "0-1"]
[WhiteElo "1500"]
[BlackElo "1400"]
[PlyCount "32"]
[EventDate "2006.07.15"]
[EventType "match (corr)"]
[EventRounds "2"]
[SourceTitle "Corr 2008"]
[Source "ChessBase"]
[SourceDate "2008.06.24"]
[SourceVersion "1"]
[SourceVersionDate "2008.06.24"]
[SourceQuality "1"]

1. d4 d5 2. c4 e6 3. Nc3 Nf6 4. cxd5 exd5 5. Bg5 Be7 6. e3 Bf5 7. Nf3 Nbd7 8. Qb3 b6 9. Bb5 0-0 10. 0-0 a6 11. Bxd7 Qxd7 12. Ne5 Qd6 13. Bf4 Qe6 14. Rac1 c5 15. h3 c4 16. Qc2 Bxc2 0-1